| 000 | 00445nam a2200157Ia 4500 | ||
|---|---|---|---|
| 008 | 210210b2002 xxu||||| |||| 00| 0 eng d | ||
| 082 | _a510.02 KHAS | ||
| 100 | _aKHANNA (M L) and others. | ||
| 245 | _aScreening mathematics. (for IIT screening examination). Ed 5. | ||
| 250 | _a | ||
| 260 |
_aMeerut. _bJai Prakash Nath Publications., _c2002 |
||
| 300 | _aii,384 | ||
| 650 | _aIIT Screening | ||
| 690 | _aMaths Entrance | ||
| 906 | _a057146 | ||
| 999 |
_c104540 _d104540 |
||